<?xml version="1.0" encoding="UTF-8"?>
<record
    xmlns:xsi="http://www.w3.org/2001/XMLSchema-instance"
    xsi:schemaLocation="http://www.loc.gov/MARC21/slim http://www.loc.gov/standards/marcxml/schema/MARC21slim.xsd"
    xmlns="http://www.loc.gov/MARC21/slim">

  <leader>00729nam a2200157Ia 4500</leader>
  <controlfield tag="008">100122s9999    xx            000 0 und d</controlfield>
  <datafield tag="082" ind1=" " ind2=" ">
    <subfield code="b">54161</subfield>
    <subfield code="a">922.945</subfield>
  </datafield>
  <datafield tag="100" ind1=" " ind2=" ">
    <subfield code="a">&#x926;&#x947;&#x935; &#x936;&#x902;&#x915;&#x930; &#x936;&#x94D;&#x930;&#x940;&#x915;&#x943;&#x937;&#x94D;&#x923;</subfield>
  </datafield>
  <datafield tag="245" ind1=" " ind2=" ">
    <subfield code="a">&#x936;&#x94D;&#x930;&#x940;&#x938;&#x92E;&#x930;&#x94D;&#x925;&#x93E;&#x935;&#x924;&#x93E;&#x930;- &#x92A;&#x94D;&#x930;&#x925;&#x92E; &#x916;&#x902;&#x921; (&#x936;&#x94D;&#x930;&#x940; &#x938;&#x92E;&#x930;&#x94D;&#x925; &#x91A;&#x930;&#x93F;&#x924;&#x94D;&#x930;)</subfield>
  </datafield>
  <datafield tag="250" ind1=" " ind2=" ">
    <subfield code="a">3</subfield>
  </datafield>
  <datafield tag="260" ind1=" " ind2=" ">
    <subfield code="b">&#x91C;&#x94D;&#x92F;&#x94B;&#x924;&#x940; &#x922;&#x935;&#x933;&#x947;</subfield>
    <subfield code="c">1998</subfield>
  </datafield>
  <datafield tag="300" ind1=" " ind2=" ">
    <subfield code="a">532</subfield>
  </datafield>
  <datafield tag="630" ind1=" " ind2=" ">
    <subfield code="a">&#x936;&#x94D;&#x930;&#x940;&#x938;&#x92E;&#x930;&#x94D;&#x925;&#x93E;&#x935;&#x924;&#x93E;&#x930;- &#x92A;&#x94D;&#x930;&#x925;&#x92E; &#x916;&#x902;&#x921; (&#x936;&#x94D;&#x930;&#x940; &#x938;&#x92E;&#x930;&#x94D;&#x925; &#x91A;&#x930;&#x93F;&#x924;&#x94D;&#x930;)</subfield>
  </datafield>
  <datafield tag="730" ind1=" " ind2=" ">
    <subfield code="a">&#x936;&#x94D;&#x930;&#x940;&#x938;&#x92E;&#x930;&#x94D;&#x925;&#x93E;&#x935;&#x924;&#x93E;&#x930;- &#x92A;&#x94D;&#x930;&#x925;&#x92E; &#x916;&#x902;&#x921; (&#x936;&#x94D;&#x930;&#x940; &#x938;&#x92E;&#x930;&#x94D;&#x925; &#x91A;&#x930;&#x93F;&#x924;&#x94D;&#x930;)</subfield>
  </datafield>
  <datafield tag="942" ind1=" " ind2=" ">
    <subfield code="c">BOOK</subfield>
  </datafield>
  <datafield tag="999" ind1=" " ind2=" ">
    <subfield code="c">431039</subfield>
    <subfield code="d">431036</subfield>
  </datafield>
  <datafield tag="952" ind1=" " ind2=" ">
    <subfield code="0">0</subfield>
    <subfield code="1">0</subfield>
    <subfield code="4">0</subfield>
    <subfield code="7">0</subfield>
    <subfield code="a">SVPPARLE</subfield>
    <subfield code="b">SVPPARLE</subfield>
    <subfield code="d">1998-03-05</subfield>
    <subfield code="g">250.00</subfield>
    <subfield code="l">0</subfield>
    <subfield code="o">54161</subfield>
    <subfield code="p">SVPPARLE-54161</subfield>
    <subfield code="r">2010-01-25 00:00:00</subfield>
    <subfield code="v">250.00</subfield>
    <subfield code="w">2010-01-25</subfield>
    <subfield code="y">BOOK</subfield>
    <subfield code="z">General NA</subfield>
  </datafield>
</record>
